Το Μακεδονικό Ζήτημα από τον 19ο έως τον 21ο αιώνα : ιστοριογραφικές προσεγγίσεις
Saved in:
| Main Author: | |
|---|---|
| Format: | Book |
| Language: | Greek |
| Published: |
Αθήνα :
Αλεξάνδρεια,
2010
|
| Series: | Θέματα Ιστορίας (Αλεξάνδρεια)
|
| Subjects: | |
| Tags: |
Add Tag
No Tags, Be the first to tag this record!
|
MARC
| LEADER | 00000nam a2200000 i 4500 | ||
|---|---|---|---|
| 001 | 1/46496 | ||
| 008 | 140429s2010 gre d | ||
| 020 | |a 978-960-221-468-8 | ||
| 035 | |l 10117489 | ||
| 040 | |a GR-MY-UA |b gre |e aacr | ||
| 041 | 0 | |a gre | |
| 082 | 0 | |a 938.664 |2 (23) | |
| 100 | 1 | |a Γούναρης, Βασίλης Κ. | |
| 245 | 1 | 3 | |a Το Μακεδονικό Ζήτημα από τον 19ο έως τον 21ο αιώνα : |b ιστοριογραφικές προσεγγίσεις / |c Βασίλης Κ. Γούναρης |
| 260 | |a Αθήνα : |b Αλεξάνδρεια, |c 2010 | ||
| 300 | |a 158 σ.; |c 21 εκ. | ||
| 490 | 1 | |a Θέματα ιστορίας | |
| 504 | |a Περιλαμβάνει βιβλιογραφικές αναφορές | ||
| 650 | 0 | 0 | |a Macedonian question. |
| 651 | 0 | |a Balkan Peninsula |x Historiography. | |
| 651 | 0 | |a Balkan Peninsula |x History |y 19th century. | |
| 830 | 0 | |a Θέματα Ιστορίας (Αλεξάνδρεια) | |
| 852 | |a INST |b LESVOS |c EUDOXUS |e 20140429 |h 938.664 ΓΟΥ |p 005100054045 |q 005100054045 |t EDX |y 4 |x 20191011 | ||
| 901 | |a BIBL1-2014-1 | ||
| 909 | |a Λ |b 188832 | ||
| 920 | |a ΕΥΔΟΞΟΣ |b ΠΑΡΑΓΓΕΛΙΑ |y ΛΕΣΒΟΣ-ΤΓ |z 2013-12 | ||
| 970 | |a ΤΖΑΦΕΡΗ |b ΕΥΑΓΓΕΛΙΑ |z 2014/04/29 | ||